[Event "2. Bundesliga Ost 2019/2020"]
[Site "alle Wien"]
[Date "2019.11.17"]
[Round "4"]
[Board "3"]
[White "Hangweyrer, Manfred"]
[Black "Hrescak, Ivana"]
[Result "1/2-1/2"]
[WhiteElo "2347"]
[BlackElo "2226"]
[PlyCount "90"]
[EventDate "2019.10.19"]
[EventType "team"]
[EventRounds "11"]
[EventCountry "AUT"]
[WhiteTeam "SK Austria Wien"]
[BlackTeam "SK Advisory Invest Baden"]

1. e4 c5 2. Nc3 Nc6 3. g3 g6 4. Bg2 Bg7 5. d3 e6 6. Be3 Nd4 7. Nce2 Ne7 8. c3
Nxe2 9. Nxe2 d6 10. d4 Qc7 11. Qd2 h5 12. h3 Bd7 13. Rd1 Rd8 14. O-O O-O 15.
Rfe1 Bc8 16. Bh6 Kh7 17. Bxg7 Kxg7 18. Qe3 e5 19. f4 f6 20. Rf1 b6 21. fxe5
dxe5 22. d5 Ba6 23. Rf2 Bxe2 24. Qxe2 Nc8 25. Rdf1 Nd6 26. h4 Qd7 27. Kh2 a5
28. b3 Qb5 29. Qe3 Rde8 30. c4 Qd7 31. Bh3 Qe7 32. Be6 Ra8 33. a4 Rab8 34. Rg2
Rh8 35. Kg1 Rh6 36. g4 hxg4 37. Rxg4 Kh7 38. Rf2 Rf8 39. Rfg2 Rd8 40. Kf1 Rf8
41. Ke2 Rd8 42. Qg3 Qe8 43. Ke1 Rb8 44. Kd2 Rd8 45. Kc2 Rb8  1/2-1/2

[Event "2. Bundesliga Ost 2019/2020"]
[Site "alle Wien"]
[Date "2019.11.17"]
[Round "4"]
[Board "4"]
[White "Dzierzenga, Stefan"]
[Black "Newrkla, Katharina"]
[Result "1/2-1/2"]
[WhiteElo "2188"]
[BlackElo "2217"]
[PlyCount "59"]
[EventDate "2019.10.19"]
[EventType "team"]
[EventRounds "11"]
[EventCountry "AUT"]
[WhiteTeam "SK Advisory Invest Baden"]
[BlackTeam "SK Austria Wien"]

1. e4 c5 2. Be2 Nc6 3. f4 g6 4. Nf3 Bg7 5. d3 d6 6. O-O e5 7. fxe5 dxe5 8. Nc3
Nge7 9. Be3 Nd4 10. Qd2 O-O 11. Bd1 b6 12. Bh6 Nxf3+ 13. Bxf3 Be6 14. Bg5 f6
15. Be3 Qd7 16. Qf2 Rad8 17. a4 Nc6 18. a5 Nd4 19. axb6 axb6 20. Ra6 Qb7 21.
Raa1 Ra8 22. Bxd4 cxd4 23. Nb5 Qd7 24. c4 dxc3 25. Nxc3 Qxd3 26. Qxb6 Qd4+ 27.
Qxd4 exd4 28. Nd5 Bxd5 29. exd5 f5 30. b4  1/2-1/2

[Event "2. Bundesliga Ost 2019/2020"]
[Site "alle Wien"]
[Date "2019.11.17"]
[Round "4"]
[Board "6"]
[White "Hofegger, Jakob"]
[Black "Pernerstorfer, Johannes"]
[Result "1/2-1/2"]
[WhiteElo "2177"]
[BlackElo "2041"]
[PlyCount "135"]
[EventDate "2019.10.19"]
[EventType "team"]
[EventRounds "11"]
[EventCountry "AUT"]
[WhiteTeam "SK Advisory Invest Baden"]
[BlackTeam "SK Austria Wien"]

1. Nf3 c5 2. g3 Nc6 3. Bg2 e5 4. d3 d6 5. O-O Be7 6. c4 Nf6 7. Nc3 O-O 8. Rb1
Nd4 9. e3 Nxf3+ 10. Bxf3 Bh3 11. Bxb7 Bxf1 12. Bxa8 Bxd3 13. Qxd3 Qxa8 14. e4
Qc8 15. Bg5 Qe6 16. Bxf6 Qxf6 17. Rd1 Qg6 18. Nd5 Bd8 19. Ne3 Bc7 20. Qd5 h5
21. Qc6 Bb8 22. h4 Qe6 23. Kg2 g6 24. Qd5 Bc7 25. Rd3 Rb8 26. Qc6 Rc8 27. Nd5
Bd8 28. Qb7 f5 29. exf5 gxf5 30. Qxa7 f4 31. Qb7 Kh8 32. Ra3 Qf5 33. Nc3 fxg3
34. fxg3 Qc2+ 35. Kh3 Qf5+ 36. Kh2 Bxh4 37. Ne4 Rg8 38. gxh4 Qf1 39. Rg3 Qe2+
40. Kh3 Qf1+ 41. Kh2 Qe2+ 42. Nf2 Qxf2+ 43. Qg2 Qxg2+ 44. Kxg2 Ra8 45. a3 Ra4
46. Rc3 Kg7 47. Kf3 Kf6 48. Rc2 Kf5 49. Rc1 Ke6 50. Ke3 Ra8 51. Rg1 Rb8 52.
Rg6+ Kd7 53. Rg2 Kc6 54. Ke4 Rf8 55. Kd3 Rf3+ 56. Kc2 Rf4 57. Kc3 Rxh4 58. b4
Rh3+ 59. Kb2 cxb4 60. axb4 h4 61. Rg6 Rd3 62. Rh6 Rd4 63. Kc3 Kd7 64. b5 Kc7
65. Rh8 Rf4 66. Rh5 Rf3+ 67. Kb4 Rf4 68. Kc3  1/2-1/2

[Event "2. Bundesliga Ost 2019/2020"]
[Site "alle Wien"]
[Date "2019.11.17"]
[Round "4"]
[Board "1"]
[White "Froewis, Georg"]
[Black "Polak, Tomas"]
[Result "1/2-1/2"]
[WhiteElo "2432"]
[BlackElo "2527"]
[PlyCount "50"]
[EventDate "2019.10.19"]
[EventType "team"]
[EventRounds "11"]
[EventCountry "AUT"]
[WhiteTeam "mpimmo Wien - SK Ottakring"]
[BlackTeam "SK Hietzing"]

1. Nf3 Nf6 2. c4 e6 3. b3 b6 4. g3 Bb7 5. Bg2 Be7 6. O-O O-O 7. Bb2 c5 8. e3 d5
9. d3 Nc6 10. Qe2 Qc7 11. Nc3 Rad8 12. Rfd1 Qb8 13. cxd5 Nxd5 14. d4 Nxc3 15.
Bxc3 Bf6 16. Qb2 cxd4 17. Nxd4 Nxd4 18. Bxd4 Bxd4 19. Rxd4 Rxd4 20. Qxd4 Rd8
21. Qc4 Rc8 22. Qd3 Rd8 23. Qc4 Rc8 24. Qd3 Rd8 25. Qc4 Rc8  1/2-1/2

[Event "2. Bundesliga Ost 2019/2020"]
[Site "alle Wien"]
[Date "2019.11.17"]
[Round "4"]
[Board "2"]
[White "Penz, Harald"]
[Black "Stohl, Igor"]
[Result "0-1"]
[WhiteElo "2278"]
[BlackElo "2487"]
[PlyCount "100"]
[EventDate "2019.10.19"]
[EventType "team"]
[EventRounds "11"]
[EventCountry "AUT"]
[WhiteTeam "SK Hietzing"]
[BlackTeam "mpimmo Wien - SK Ottakring"]

1. e4 c5 2. c3 d5 3. exd5 Qxd5 4. d4 g6 5. Nf3 Bg7 6. Be3 cxd4 7. cxd4 Nf6 8.
Nc3 Qd8 9. Be2 O-O 10. O-O Be6 11. Ne5 Nd5 12. Bf3 Bxe5 13. dxe5 Nxe3 14. fxe3
Nd7 15. Bxb7 Rb8 16. Bd5 Bxd5 17. Qxd5 Rxb2 18. Rad1 Qb6 19. Rd4 Nc5 20. Nd1
Rc2 21. Rc4 e6 22. Qd4 Rxc4 23. Qxc4 Nd7 24. Qd4 Qc7 25. Nc3 Qxe5 26. Qxd7
Qxe3+ 27. Rf2 Qe1+ 28. Rf1 Qxc3 29. Qxa7 e5 30. Rf3 Qe1+ 31. Rf1 Qc3 32. Rf3
Qc4 33. h3 e4 34. Re3 Rd8 35. Kh2 Qd4 36. Qxd4 Rxd4 37. Kg3 f5 38. Kf4 Rd2 39.
g4 Rf2+ 40. Ke5 Rxa2 41. gxf5 Ra5+ 42. Kxe4 Rxf5 43. Rf3 Rxf3 44. Kxf3 Kf7 45.
Kf4 Kf6 46. h4 h6 47. Ke4 Ke6 48. Kf4 Kd5 49. h5 g5+ 50. Kf5 Kd6  0-1

[Event "2. Bundesliga Ost 2019/2020"]
[Site "alle Wien"]
[Date "2019.11.17"]
[Round "4"]
[Board "3"]
[White "Peyrer, Konstantin"]
[Black "Djeno, Drago"]
[Result "1-0"]
[WhiteElo "2286"]
[BlackElo "2322"]
[PlyCount "55"]
[EventDate "2019.10.19"]
[EventType "team"]
[EventRounds "11"]
[EventCountry "AUT"]
[WhiteTeam "mpimmo Wien - SK Ottakring"]
[BlackTeam "SK Hietzing"]

1. e4 c5 2. Nf3 g6 3. d4 Bg7 4. dxc5 Qa5+ 5. Nc3 Nf6 6. Bd3 Nc6 7. O-O Qxc5 8.
Bf4 O-O 9. Qe2 d5 10. exd5 Nxd5 11. Nxd5 Qxd5 12. Rfd1 Bf5 13. Ba6 Qc5 14. Bxb7
Rad8 15. c3 Na5 16. Ba6 Nc6 17. Be3 Qa5 18. Qb5 Qc7 19. Qc5 Rxd1+ 20. Rxd1 Bg4
21. Bb5 Bxf3 22. gxf3 Be5 23. Qxc6 Bxh2+ 24. Kg2 Qe5 25. Bd4 Qb8 26. Rh1 Bf4
27. Bc4 Qd8 28. Qxg6+  1-0

[Event "2. Bundesliga Ost 2019/2020"]
[Site "alle Wien"]
[Date "2019.11.17"]
[Round "4"]
[Board "4"]
[White "Mozny, Milos"]
[Black "Steindl, Johannes"]
[Result "1/2-1/2"]
[WhiteElo "2256"]
[BlackElo "2278"]
[PlyCount "60"]
[EventDate "2019.10.19"]
[EventType "team"]
[EventRounds "11"]
[EventCountry "AUT"]
[WhiteTeam "SK Hietzing"]
[BlackTeam "mpimmo Wien - SK Ottakring"]

1. d4 d5 2. Nf3 Nf6 3. Bf4 c5 4. e3 Nc6 5. c3 e6 6. Bd3 Bd6 7. Bxd6 Qxd6 8.
Nbd2 cxd4 9. exd4 O-O 10. O-O Bd7 11. Re1 Ne7 12. Ne5 Ng6 13. Nxg6 hxg6 14. Nf3
b5 15. a3 a5 16. Ne5 b4 17. axb4 axb4 18. Qd2 Qb6 19. h3 Rfb8 20. Nxd7 Nxd7 21.
Rec1 Rc8 22. Qe1 Rxa1 23. Rxa1 bxc3 24. bxc3 Qb2 25. Rc1 Nb6 26. Rb1 Qxc3 27.
Qxc3 Rxc3 28. Bxg6 fxg6 29. Rxb6 Rc1+ 30. Kh2 Kf7  1/2-1/2

[Event "2. Bundesliga Ost 2019/2020"]
[Site "alle Wien"]
[Date "2019.11.17"]
[Round "4"]
[Board "5"]
[White "Atzl, Florian"]
[Black "Wagner, Leopold Franziskus"]
[Result "1/2-1/2"]
[WhiteElo "2175"]
[BlackElo "2098"]
[PlyCount "63"]
[EventDate "2019.10.19"]
[EventType "team"]
[EventRounds "11"]
[EventCountry "AUT"]
[WhiteTeam "mpimmo Wien - SK Ottakring"]
[BlackTeam "SK Hietzing"]

1. Nf3 d5 2. g3 Bg4 3. Bg2 Nd7 4. d4 c6 5. O-O Ngf6 6. Nbd2 e6 7. Re1 Bd6 8. c3
O-O 9. e4 Nxe4 10. Nxe4 dxe4 11. Rxe4 Bf5 12. Re1 Qc7 13. Nh4 Rfe8 14. Be3 Nf8
15. Nxf5 exf5 16. f4 Nd7 17. Qc2 g6 18. c4 c5 19. d5 Bf8 20. Bd2 Bg7 21. Bc3
Qd6 22. Bxg7 Kxg7 23. Re2 Rxe2 24. Qxe2 Nf6 25. Qe5 Qb6 26. Rd1 Re8 27. Qc3 Qd6
28. Re1 Rxe1+ 29. Qxe1 Nd7 30. b3 h6 31. h3 Kf8 32. Qc3  1/2-1/2

[Event "2. Bundesliga Ost 2019/2020"]
[Site "alle Wien"]
[Date "2019.11.17"]
[Round "4"]
[Board "6"]
[White "Janetschek, Karl"]
[Black "Plank, Franz"]
[Result "1/2-1/2"]
[WhiteElo "2236"]
[BlackElo "2172"]
[PlyCount "80"]
[EventDate "2019.10.19"]
[EventType "team"]
[EventRounds "11"]
[EventCountry "AUT"]
[WhiteTeam "SK Hietzing"]
[BlackTeam "mpimmo Wien - SK Ottakring"]

1. e4 d5 2. exd5 Qxd5 3. Nc3 Qe5+ 4. Be2 c6 5. Nf3 Qc7 6. d4 Nf6 7. O-O Bg4 8.
Ne5 Bxe2 9. Qxe2 e6 10. g3 Bd6 11. Nc4 Be7 12. Bf4 Qd8 13. Rfd1 O-O 14. a3 Na6
15. Ne4 Nxe4 16. Qxe4 Nc7 17. Na5 Qc8 18. c4 Rd8 19. Rd3 Bd6 20. Be5 Ne8 21. b4
f6 22. Bxd6 Nxd6 23. Qf3 Qd7 24. Rc1 Rac8 25. Nb3 b6 26. Nc5 Qe7 27. Ne4 Nxe4
28. Qxe4 Qd7 29. Rcd1 Qf7 30. h4 Re8 31. Qg4 Qg6 32. Qxg6 hxg6 33. Kf1 Rcd8 34.
Ke2 Kf7 35. Kd2 Re7 36. Kc3 Red7 37. a4 a6 38. f4 Ke7 39. Re1 Kf7 40. Red1 Ke7
 1/2-1/2

[Event "2. Bundesliga Ost 2019/2020"]
[Site "alle Wien"]
[Date "2019.12.07"]
[Round "5"]
[Board "1"]
[White "Pisk, Petr"]
[Black "Schroll, Gerhard"]
[Result "0-1"]
[WhiteElo "2338"]
[BlackElo "2317"]
[PlyCount "124"]
[EventDate "2019.10.19"]
[EventType "team"]
[EventRounds "11"]
[EventCountry "AUT"]
[WhiteTeam "SK Hietzing"]
[BlackTeam "ASVOE Mattersburg"]

1. e4 Nf6 2. e5 Nd5 3. d4 d6 4. Bc4 Nb6 5. Bb3 Bf5 6. Nf3 e6 7. O-O d5 8. a4
Be7 9. h3 O-O 10. Qe2 Na6 11. Nc3 Bg6 12. Be3 c5 13. Ba2 Nb4 14. dxc5 Nd7 15.
Bb1 Nc6 16. Bf4 Bxc5 17. Rd1 Qb6 18. Ra2 a6 19. Nh4 Bd4 20. Nf3 Bc5 21. Nh4 Bd4
22. Nf3 Bxc3 23. bxc3 Na5 24. Be3 Qc7 25. Bd4 Nc4 26. Ra1 Nc5 27. Re1 Nb2 28.
a5 Nc4 29. Nh4 Nxa5 30. Nxg6 fxg6 31. Ba2 b6 32. Rab1 b5 33. Qg4 Rf5 34. Rb4
Raf8 35. f3 Rf4 36. Qg3 Na4 37. Re3 Nc6 38. Rxa4 bxa4 39. Bc5 Ne7 40. Ba3 R4f7
41. Rd3 Rc8 42. Qh4 Nf5 43. Qe1 Qb6+ 44. Kh2 g5 45. Qd2 h6 46. Qe2 Rfc7 47. Qd2
a5 48. Qe1 Kh8 49. Qd2 Rc6 50. f4 gxf4 51. Qxf4 Rxc3 52. Bxd5 Rxd3 53. cxd3 Qe3
54. Qxe3 Nxe3 55. Bxe6 Re8 56. Bd7 Rxe5 57. Bxa4 Rd5 58. Kg3 Rxd3 59. Bc1 Nc4+
60. Kf2 Rc3 61. Bf4 Nb2 62. Bb5 Nd3+  0-1

[Event "2. Bundesliga Ost 2019/2020"]
[Site "alle Wien"]
[Date "2019.12.07"]
[Round "5"]
[Board "2"]
[White "Wukits, Rene"]
[Black "Belke, Frank"]
[Result "1-0"]
[WhiteElo "2279"]
[BlackElo "2261"]
[PlyCount "169"]
[EventDate "2019.10.19"]
[EventType "team"]
[EventRounds "11"]
[EventCountry "AUT"]
[WhiteTeam "ASVOE Mattersburg"]
[BlackTeam "SK Hietzing"]

1. d4 Nf6 2. Nf3 g6 3. Nc3 d5 4. Bf4 Bg7 5. e3 O-O 6. Be2 c5 7. O-O cxd4 8.
exd4 Nc6 9. Ne5 Nd7 10. Nf3 Nb6 11. Nb5 Bg4 12. Bc7 Qd7 13. Bxb6 axb6 14. Re1
Rfc8 15. a4 e6 16. c3 Bxf3 17. Bxf3 Na5 18. b3 Nc6 19. Rc1 Bf8 20. Qd2 Na7 21.
Be2 Nxb5 22. Bxb5 Qd6 23. g3 Rc7 24. Qe3 Bg7 25. Rcd1 Rd8 26. Re2 h5 27. Kg2
Bf8 28. h4 Kg7 29. Red2 Qa3 30. c4 Qb4 31. Rd3 Rdc8 32. Qf4 Qd6 33. Qd2 Rd8 34.
Kf3 Rdc8 35. Qf4 Qxf4+ 36. Kxf4 Rd8 37. Ke3 Be7 38. R3d2 Bb4 39. Rc2 Kf6 40.
Rdc1 Ba3 41. Ra1 Bb4 42. Rac1 Ba3 43. Re1 Bb4 44. Ree2 Rdc8 45. Kd3 dxc4+ 46.
bxc4 Rd8 47. Re4 Kg7 48. Ke3 Be7 49. Rd2 Bf8 50. Ke2 Bb4 51. Rd3 Re7 52. f4 Rc7
53. Ree3 Kf6 54. Kf3 Bf8 55. Ke4 Bb4 56. Rb3 Bf8 57. Re1 Rcc8 58. Rd1 Rc7 59.
Ra1 Be7 60. a5 bxa5 61. Rxa5 Rcc8 62. c5 Ra8 63. Rxa8 Rxa8 64. Bd7 Ra7 65. Bc8
Bd8 66. Bxb7 Ke7 67. d5 Ra4+ 68. Kd3 exd5 69. Bxd5 Ra7 70. Kc4 f6 71. Re3+ Kd7
72. Bf7 g5 73. Bxh5 gxf4 74. Be8+ Kc8 75. gxf4 f5 76. h5 Bc7 77. Bc6 Bxf4 78.
Rf3 Kc7 79. Kd5 Bg5 80. Rxf5 Be7 81. Rf7 Kd8 82. Bb5 Ra1 83. h6 Rh1 84. h7 Rh5+
85. Ke6  1-0

[Event "2. Bundesliga Ost 2019/2020"]
[Site "alle Wien"]
[Date "2019.12.07"]
[Round "5"]
[Board "3"]
[White "Penz, Harald"]
[Black "Jablonicky, Martin"]
[Result "1/2-1/2"]
[WhiteElo "2278"]
[BlackElo "2333"]
[PlyCount "166"]
[EventDate "2019.10.19"]
[EventType "team"]
[EventRounds "11"]
[EventCountry "AUT"]
[WhiteTeam "SK Hietzing"]
[BlackTeam "ASVOE Mattersburg"]

1. e4 e5 2. Nf3 Nc6 3. d4 exd4 4. Nxd4 Nf6 5. Nxc6 bxc6 6. Bd3 d5 7. exd5 cxd5
8. O-O Be7 9. Bf4 O-O 10. Nc3 Rb8 11. Rb1 Rb4 12. Qd2 Bd6 13. Bxd6 Qxd6 14.
Rfe1 Rh4 15. g3 Rh5 16. f3 c5 17. Qf2 Be6 18. Rbd1 Rb8 19. b3 Re5 20. Qd2 Rxe1+
21. Rxe1 c4 22. bxc4 Qc5+ 23. Qf2 Qxf2+ 24. Kxf2 dxc4 25. Be4 Rb2 26. Rc1 Kf8
27. Ke3 Ke7 28. Rb1 Nxe4 29. Rxb2 Nxc3 30. Kd4 Nd5 31. Rb7+ Kd6 32. Rxa7 Nc7
33. Ra5 Kc6 34. Rc5+ Kb6 35. a4 f6 36. a5+ Kb7 37. Rh5 Bg8 38. Kc5 Ne6+ 39. Kd6
Nd4 40. Ke7 Nxc2 41. Kf8 Be6 42. Kxg7 Nd4 43. Kxf6 Bc8 44. Rc5 Bh3 45. Rxc4
Nxf3 46. Rc5 Nxh2 47. Rh5 Ng4+ 48. Kg5 Nf2 49. Kh4 Ka6 50. Rxh7 Bg2 51. Rh5 Ne4
52. Re5 Bf3 53. g4 Bxg4 54. Rxe4 Bd7 55. Rd4 Bb5 56. Kg5 Kxa5 57. Kf5 Kb6 58.
Ke5 Kc5 59. Rd1 Kc4 60. Rc1+ Kd3 61. Rh1 Kc4 62. Rh4+ Kc3 63. Ke4 Bd3+ 64. Ke3
Bb1 65. Rh1 Kb2 66. Kd2 Ka1 67. Kc3 Ka2 68. Rh2+ Ka1 69. Kb3 Bg6 70. Rh1+ Bb1
71. Rh6 Ba2+ 72. Ka3 Bb1 73. Ra6 Ba2 74. Ra7 Kb1 75. Rg7 Ka1 76. Rg2 Bb1 77.
Kb3 Bf5 78. Ra2+ Kb1 79. Rf2 Be6+ 80. Kc3 Ka1 81. Kc2 Bg8 82. Rf6 Bh7+ 83. Kc3
Bb1  1/2-1/2

[Event "2. Bundesliga Ost 2019/2020"]
[Site "alle Wien"]
[Date "2019.12.07"]
[Round "5"]
[Board "4"]
[White "Petran, Peter"]
[Black "Djeno, Drago"]
[Result "0-1"]
[WhiteElo "2242"]
[BlackElo "2322"]
[PlyCount "76"]
[EventDate "2019.10.19"]
[EventType "team"]
[EventRounds "11"]
[EventCountry "AUT"]
[WhiteTeam "ASVOE Mattersburg"]
[BlackTeam "SK Hietzing"]

1. g3 c5 2. Bg2 g6 3. e4 Nc6 4. Ne2 h5 5. h3 Bg7 6. c3 b6 7. d4 Ba6 8. Be3 Bxe2
9. Kxe2 cxd4 10. cxd4 Qc7 11. Nc3 Nxd4+ 12. Bxd4 Qc4+ 13. Qd3 Qxd4 14. Qxd4
Bxd4 15. Nb5 Be5 16. Rac1 Kd8 17. Rhd1 g5 18. Nd4 Ke8 19. Rc4 g4 20. b3 Rh6 21.
Rdc1 Rd8 22. Nf5 Re6 23. f4 gxf3+ 24. Bxf3 Bh8 25. Kf2 Nf6 26. Kg2 Re5 27. Ne3
e6 28. Ra4 d5 29. Rxa7 dxe4 30. Be2 Nd5 31. Nxd5 Rexd5 32. Rcc7 Rf5 33. Rxf7
Rxf7 34. Bxh5 Rd2+ 35. Kh1 Rdf2 36. Ra8+ Ke7 37. Bxf7 Rxf7 38. Rxh8 e3  0-1

[Event "2. Bundesliga Ost 2019/2020"]
[Site "alle Wien"]
[Date "2019.12.07"]
[Round "5"]
[Board "5"]
[White "Mozny, Milos"]
[Black "Strodl, Joachim"]
[Result "1-0"]
[WhiteElo "2256"]
[BlackElo "2165"]
[PlyCount "47"]
[EventDate "2019.10.19"]
[EventType "team"]
[EventRounds "11"]
[EventCountry "AUT"]
[WhiteTeam "SK Hietzing"]
[BlackTeam "ASVOE Mattersburg"]

1. d4 g6 2. g3 Bg7 3. Bg2 c5 4. Nf3 cxd4 5. Nxd4 Nc6 6. Nxc6 bxc6 7. c4 Nf6 8.
Nc3 O-O 9. O-O Qc7 10. Bf4 Qb7 11. Qd2 d6 12. b3 Ng4 13. h3 Nf6 14. e4 Nd7 15.
Bh6 a5 16. Bxg7 Kxg7 17. f4 Qb4 18. Rad1 Rb8 19. Kh2 Nc5 20. Qd4+ Kg8 21. e5 a4
22. exd6 exd6 23. Bxc6 axb3 24. Nd5  1-0

[Event "2. Bundesliga Ost 2019/2020"]
[Site "alle Wien"]
[Date "2019.12.07"]
[Round "5"]
[Board "6"]
[White "Wiedner, Robert"]
[Black "Wagner, Leopold Franziskus"]
[Result "1-0"]
[WhiteElo "2113"]
[BlackElo "2098"]
[PlyCount "113"]
[EventDate "2019.10.19"]
[EventType "team"]
[EventRounds "11"]
[EventCountry "AUT"]
[WhiteTeam "ASVOE Mattersburg"]
[BlackTeam "SK Hietzing"]

1. d4 Nf6 2. c4 e6 3. Nf3 d5 4. Nc3 Be7 5. Bg5 h6 6. Bf4 O-O 7. e3 c5 8. dxc5
Bxc5 9. cxd5 exd5 10. a3 Be6 11. Bd3 Nc6 12. Rc1 Qe7 13. Na4 Bd6 14. Bxd6 Qxd6
15. Nc5 b6 16. Nxe6 fxe6 17. O-O Ne5 18. Nxe5 Qxe5 19. Qe2 Qd6 20. h3 e5 21.
Rc2 e4 22. Bb5 Nh7 23. Rd1 Rf5 24. Rc6 Qe7 25. Rdc1 Raf8 26. Rc8 Ng5 27. R1c7
Qe5 28. Rxf8+ Rxf8 29. Qc2 Ne6 30. Re7 Qf6 31. Rxa7 Kh8 32. Rd7 d4 33. Rd6 d3
34. Qd2 Qe5 35. Qb4 Nc5 36. Rxb6 Qf5 37. Qe1 Nd7 38. Rb7 Ne5 39. Ba4 Rf6 40.
Bb3 h5 41. Rb8+ Kh7 42. Bg8+ Kh6 43. Re8 Rg6 44. Kh1 Qg5 45. Qf1 d2 46. Bb3 Rd6
47. Rh8+ Kg6 48. Bd1 Rc6 49. Qe2 Rc1 50. Qxd2 Nd3 51. Kh2 h4 52. Bh5+ Kf6 53.
Rf8+ Ke7 54. Re8+ Kf6 55. Rxe4 Qd5 56. Rd4 Qxh5 57. Qxd3  1-0

[Event "2. Bundesliga Ost 2019/2020"]
[Site "alle Wien"]
[Date "2019.12.07"]
[Round "5"]
[Board "1"]
[White "Rubil, Marko"]
[Black "Stohl, Igor"]
[Result "1/2-1/2"]
[WhiteElo "2290"]
[BlackElo "2487"]
[PlyCount "86"]
[EventDate "2019.10.19"]
[EventType "team"]
[EventRounds "11"]
[EventCountry "AUT"]
[WhiteTeam "SK Advisory Invest Baden"]
[BlackTeam "mpimmo Wien - SK Ottakring"]

1. e4 e5 2. Nf3 Nc6 3. Bb5 a6 4. Ba4 Nf6 5. O-O Be7 6. Re1 b5 7. Bb3 d6 8. c3
O-O 9. h3 Nb8 10. d4 Nbd7 11. c4 c6 12. a3 Bb7 13. Nc3 Qc7 14. Bg5 h6 15. Bh4
Rad8 16. Qc2 Rfe8 17. Rac1 Qb8 18. Ba2 Nh5 19. cxb5 Bxh4 20. bxc6 Bxc6 21. Nxh4
exd4 22. Nd5 Bxd5 23. Bxd5 Nhf6 24. Nf5 Qb6 25. Qd2 Re5 26. Rc6 Qb8 27. Ba2
Nxe4 28. Qxd4 Ndf6 29. Ne3 a5 30. Rec1 Rc5 31. Nd5 Nxd5 32. Bxd5 Nf6 33. Ba2
Rxc1+ 34. Rxc1 d5 35. Rc6 Re8 36. Rc1 Qb5 37. Rd1 Re4 38. Qc3 Re2 39. Bb3 a4
40. Bc2 Qb6 41. Qc8+ Re8 42. Qc3 Re2 43. Qc8+ Re8  1/2-1/2

[Event "2. Bundesliga Ost 2019/2020"]
[Site "alle Wien"]
[Date "2019.12.07"]
[Round "5"]
[Board "2"]
[White "Peyrer, Konstantin"]
[Black "Hofegger, Jakob"]
[Result "1-0"]
[WhiteElo "2286"]
[BlackElo "2177"]
[PlyCount "67"]
[EventDate "2019.10.19"]
[EventType "team"]
[EventRounds "11"]
[EventCountry "AUT"]
[WhiteTeam "mpimmo Wien - SK Ottakring"]
[BlackTeam "SK Advisory Invest Baden"]

1. e4 e6 2. Nf3 d5 3. Nc3 Nf6 4. e5 Nfd7 5. d4 Be7 6. h4 c5 7. dxc5 Nc6 8. Bf4
a6 9. Qd2 Nxc5 10. O-O-O b5 11. Qe3 b4 12. Ne2 Qb6 13. Nfd4 Nxd4 14. Nxd4 Bd7
15. Qg3 g6 16. Bh6 a5 17. Qf4 a4 18. Rh3 b3 19. cxb3 axb3 20. a3 Ne4 21. Rxb3
Qc7+ 22. Kb1 f5 23. g4 Nc5 24. Rc1 Qa5 25. Rb5 Qa7 26. gxf5 gxf5 27. Be2 Rg8
28. Bh5+ Kd8 29. Rbxc5 Bxc5 30. Bg5+ Be7 31. Bxe7+ Kxe7 32. Qh6 Raf8 33. Qxh7+
Kd8 34. Nxe6+  1-0

[Event "2. Bundesliga Ost 2019/2020"]
[Site "alle Wien"]
[Date "2019.12.07"]
[Round "5"]
[Board "3"]
[White "Juenger, Heinz"]
[Black "Bauer, Thomas"]
[Result "1/2-1/2"]
[WhiteElo "2175"]
[BlackElo "2207"]
[PlyCount "188"]
[EventDate "2019.10.19"]
[EventType "team"]
[EventRounds "11"]
[EventCountry "AUT"]
[WhiteTeam "SK Advisory Invest Baden"]
[BlackTeam "mpimmo Wien - SK Ottakring"]

1. e4 c5 2. Nf3 d6 3. Bb5+ Nd7 4. c3 Ngf6 5. Bd3 e5 6. O-O Be7 7. Bc2 O-O 8. d4
Qc7 9. Re1 Re8 10. Nbd2 Nf8 11. d5 Rb8 12. a4 b6 13. Bd3 Ng6 14. g3 Bg4 15. Nc4
h6 16. Ne3 Bh3 17. Nd2 Bf8 18. Qe2 Nh7 19. Nf3 Be7 20. Kh1 Bg5 21. Ng1 Bc8 22.
h4 Bxe3 23. Bxe3 Nf6 24. f3 Qe7 25. Qh2 Rf8 26. h5 Nh8 27. Qh4 Re8 28. Ne2 Kf8
29. b4 Ng8 30. Qxe7+ Rxe7 31. g4 g6 32. hxg6 fxg6 33. Kg2 g5 34. Rab1 Ra8 35.
Bb5 cxb4 36. cxb4 Ng6 37. Rbc1 Nh4+ 38. Kg3 Rf7 39. Ng1 Nf6 40. Rc6 Nxf3 41.
Nxf3 Nxe4+ 42. Kg2 Bb7 43. Nd2 Nxd2 44. Bxd2 Bxc6 45. dxc6 Rc8 46. Bc4 Rxc6 47.
Bxf7 Rc2 48. Re2 Kxf7 49. Kf3 Ra2 50. a5 bxa5 51. bxa5 Ra3+ 52. Re3 Ra2 53. Bc3
Ra3 54. Bb4 Ra4 55. Bxd6 Rxa5 56. Bxe5 Ra6 57. Bd4 Rd6 58. Bxa7 Rf6+ 59. Kg3
Kg6 60. Bd4 Rd6 61. Bc5 Rc6 62. Re5 h5 63. Be3 hxg4 64. Rxg5+ Kf6 65. Kxg4 Rc4+
66. Bf4 Re4 67. Ra5 Re6 68. Kh5 Rb6 69. Bg5+ Ke6 70. Kg6 Rc6 71. Bf6 Rb6 72.
Re5+ Kd6 73. Kf5 Rb7 74. Ra5 Rb6 75. Bd4 Rb7 76. Ke4 Re7+ 77. Be5+ Kc6 78. Kd4
Rb7 79. Kc4 Rb1 80. Bf4 Rb2 81. Ra6+ Rb6 82. Ra2 Rb1 83. Rh2 Ra1 84. Rh6+ Kd7
85. Be3 Re1 86. Bc5 Re6 87. Rh8 Kc6 88. Rc8+ Kd7 89. Ra8 Kc6 90. Ra7 Re4+ 91.
Bd4 Re6 92. Ra5 Kd6 93. Bg7 Re4+ 94. Kd3 Rg4  1/2-1/2

[Event "2. Bundesliga Ost 2019/2020"]
[Site "alle Wien"]
[Date "2019.12.07"]
[Round "5"]
[Board "4"]
[White "Schneider-Zinner, Harald"]
[Black "Rudolf, Herbert"]
[Result "1-0"]
[WhiteElo "2392"]
[BlackElo "2068"]
[PlyCount "105"]
[EventDate "2019.10.19"]
[EventType "team"]
[EventRounds "11"]
[EventCountry "AUT"]
[WhiteTeam "mpimmo Wien - SK Ottakring"]
[BlackTeam "SK Advisory Invest Baden"]

1. d4 Nf6 2. c4 e5 3. dxe5 Ng4 4. e3 Nxe5 5. Nh3 d6 6. Nf4 g6 7. Be2 Bg7 8. Nc3
O-O 9. O-O a5 10. Qc2 Na6 11. b3 Nc5 12. Bb2 c6 13. Rad1 Qe7 14. Rd2 f5 15.
Rfd1 Nf7 16. Bf3 Bd7 17. g3 Rfe8 18. Ba3 Rad8 19. Bg2 Bc8 20. Bb2 Ng5 21. h4
Nge4 22. Nxe4 Nxe4 23. Bxg7 Kxg7 24. Rd4 h6 25. Ne2 Qf6 26. Nc3 Nxc3 27. Qxc3
c5 28. R4d3 Qxc3 29. Rxc3 Kf6 30. a3 b6 31. Rcd3 Ke7 32. Bc6 Bd7 33. Bf3 Be6
34. Kg2 g5 35. hxg5 hxg5 36. Bd5 Rh8 37. Kf3 Rh2 38. R1d2 Kf6 39. Bxe6 Kxe6 40.
Rd5 Rh6 41. g4 Rh3+ 42. Kg2 fxg4 43. Rxg5 Rhh8 44. a4 Rhg8 45. Rdd5 Rdf8 46.
Rxg8 Rxg8 47. Rh5 Rg6 48. Kg3 Rg7 49. Rh8 Ke5 50. Re8+ Kf5 51. Rb8 Ke5 52. Rxb6
d5 53. Rc6  1-0

[Event "2. Bundesliga Ost 2019/2020"]
[Site "alle Wien"]
[Date "2019.12.07"]
[Round "5"]
[Board "5"]
[White "Herndlbauer, Martin"]
[Black "Steindl, Johannes"]
[Result "0-1"]
[WhiteElo "2047"]
[BlackElo "2278"]
[PlyCount "80"]
[EventDate "2019.10.19"]
[EventType "team"]
[EventRounds "11"]
[EventCountry "AUT"]
[WhiteTeam "SK Advisory Invest Baden"]
[BlackTeam "mpimmo Wien - SK Ottakring"]

1. Nf3 Nf6 2. e3 g6 3. d4 Bg7 4. c4 O-O 5. Be2 c5 6. d5 e6 7. Nc3 exd5 8. cxd5
d6 9. O-O Na6 10. Nd2 Rb8 11. a4 Nb4 12. e4 Ne8 13. Nc4 a6 14. Be3 f5 15. Qd2
b6 16. Rad1 Qe7 17. Bg5 Qf7 18. Bf4 fxe4 19. Bxd6 Nxd6 20. Nxd6 Qf6 21. Ndxe4
Qh4 22. Qg5 Qxg5 23. Nxg5 Bf5 24. Ne6 Bxe6 25. dxe6 Rbe8 26. Bc4 Rf4 27. Rd8
Kf8 28. Rxe8+ Kxe8 29. Be2 Ke7 30. g3 Rd4 31. Re1 Rd2 32. Bg4 Rxb2 33. Ne4 Bd4
34. Re2 Rxe2 35. Bxe2 Kxe6 36. Ng5+ Kd5 37. Bf3+ Ke5 38. Nxh7 c4 39. Nf8 g5 40.
Ng6+ Kf6  0-1